Construction contract preparation and management (Record no. 115852)

MARC details
000 -LEADER
fixed length control field 00884cam a22002295a 4500
001 - CONTROL NUMBER
control field L159384
008 - FIXED-LENGTH DATA ELEMENTS--GENERAL INFORMATION
fixed length control field 170113s2016 xxk f 000 0 eng d
020 ## - INTERNATIONAL STANDARD BOOK NUMBER
International Standard Book Number 9781137511140
035 ## - SYSTEM CONTROL NUMBER
System control number (Sirsi) u159384
041 0# - LANGUAGE CODE
Language code of text/sound track or separate title eng
050 04 - LIBRARY OF CONGRESS CALL NUMBER
Classification number 692.8
100 1# - MAIN ENTRY--PERSONAL NAME
Personal name Powell, Geoff
245 00 - TITLE STATEMENT
Title Construction contract preparation and management
Remainder of title From concept to completion
250 ## - EDITION STATEMENT
Edition statement 2nd ed
260 ## - PUBLICATION, DISTRIBUTION, ETC.
Place of publication, distribution, etc. London
Name of publisher, distributor, etc. Palgrave
Date of publication, distribution, etc. 2016
300 ## - PHYSICAL DESCRIPTION
Extent xvi, 488p ; 23 cm
520 ## - SUMMARY, ETC.
Summary, etc. Explains the different stages of the construction management process from commencement to completion. Looks at the most commonly used forms of contract, provides an introduction to the general principles of contract law and negligence issues. Concludes with a look at dispute resolution processes.
590 ## - LOCAL NOTE (RLIN)
Local note KA
651 #4 - SUBJECT ADDED ENTRY--GEOGRAPHIC NAME
Geographic name United Kingdom
Chronological subdivision
690 ## - LOCAL SUBJECT ADDED ENTRY--TOPICAL TERM (OCLC, RLIN)
Topical term or geographic name as entry element Construction management
9 (RLIN) 6230
942 ## - ADDED ENTRY ELEMENTS (KOHA)
Suppress in OPAC 0
Holdings
Withdrawn status Lost status Source of classification or shelving scheme Damaged status Not for loan Home library Current library Shelving location Date acquired Total Checkouts Full call number Barcode Date last seen Copy number Price effective from Koha item type
    Dewey Decimal Classification     London London Books 13/01/2017   692.8 POW 30079049 06/08/2019 1 06/08/2019 Book